[Event "AUTO-OPEN-567"]
[Site "http://www.queenalice.com/game.php?id=239321"]
[Date "2007.7.13"]
[Round "3"]
[White "Ftrupel"]
[Black "Philidor"]
[Result "0-1"]
[WhiteElo "1942"]
[BlackElo "1982"]

1. e4 g6 2. d4 Bg7 3. c3 d6 4. Nf3 a6 5. h3 c5 6. Be3 cxd4 7. Bxd4 Nf6 8. Nbd2
O-O 9. Nh2 Nc6 10. Be3 d5 11. exd5 Nxd5 12. Bc4 Nxe3 13. fxe3 Qb6 14. O-O Qxe3+
15. Kh1 Ne5 16. Qc2 Bf5 17. Qd1 Rad8 18. Qb3 Rxd2 19. Rae1 Qg3 20. Re2 Nxc4 21.
Qxc4 Bd3 0-1

[Event "AUTO-OPEN-884"]
[Site "http://www.queenalice.com/game.php?id=295850"]
[Date "2007.10.31"]
[Round "1"]
[White "Ftrupel"]
[Black "hab"]
[Result "0-1"]
[WhiteElo "1956"]
[BlackElo "2016"]

1. e4 e5 2. Nf3 Nc6 3. Bc4 Nf6 4. d3 d5 5. exd5 Nxd5 6. O-O Bc5 7. Nxe5 Nxe5 8.
Re1 Bxf2+ 9. Kxf2 Be6 10. Rxe5 Qf6+ 11. Qf3 Qxe5 12. Nc3 Nxc3 13. bxc3 Bxc4 14.
dxc4 O-O 15. Bf4 Qc5+ 16. Kg3 Qxc4 17. Qd3 Qe6 18. c4 Rad8 19. Qc3 Rfe8 20. Rb1
Qg6+ 21. Kf3 Qe4+ 22. Kg3 Rd4 23. Rf1 g5 0-1

[Event "AUTO-OPEN-884"]
[Site "http://www.queenalice.com/game.php?id=295851"]
[Date "2007.10.31"]
[Round "1"]
[White "hab"]
[Black "Ftrupel"]
[Result "1-0"]
[WhiteElo "2037"]
[BlackElo "1976"]

1. d4 c5 2. d5 d6 3. e4 e5 4. Nc3 f5 5. Bb5+ Bd7 6. exf5 Qf6 7. Bxd7+ Nxd7 8.
Qh5+ g6 9. fxg6 Qxg6 10. Qxg6+ hxg6 11. Bg5 Be7 12. Nf3 a6 13. Ne4 Ndf6 14. Bxf6
Nxf6 15. Nxf6+ Bxf6 16. Kd2 b5 17. Rae1 O-O-O 18. Kd3 Rhf8 19. b3 Kb7 20. Nd2
Bg5 21. Ne4 Bh6 22. h4 Rf7 23. g4 Rf3+ 24. Ke2 Rf4 25. f3 Kc7 26. g5 Bg7 27. h5
gxh5 28. Rxh5 Rd7 29. g6 Rf8 30. Ng5 Re8 31. Ne6+ Kb6 32. Rh7 Rg8 33. Ke3 Ka5
34. Ke4 Kb4 35. Kf5 c4 36. Nxg7 Rdxg7 37. Rxg7 Rxg7 38. Kf6 Rg8 39. g7 Kc3 40.
Kf7 Rxg7+ 41. Kxg7 Kxc2 42. bxc4 bxc4 43. Kf6 Kd2 44. Rh1 Ke3 45. Ke6 Kxf3 46.
Kxd6 e4 47. Kc5 c3 48. Rh3+ 1-0

[Event "AUTO-ADV-695"]
[Site "http://www.queenalice.com/game.php?id=295939"]
[Date "2007.10.31"]
[Round "1"]
[White "emiliano"]
[Black "Ftrupel"]
[Result "0-1"]
[WhiteElo "1755"]
[BlackElo "1965"]

1. e4 e5 2. Nf3 Nc6 3. Bb5 d6 4. d4 exd4 5. Qxd4 Bd7 6. Bxc6 Bxc6 7. Nc3 Ne7 8.
O-O Ng6 9. Re1 Be7 10. Qxg7 Bf6 11. Qh6 Qe7 12. Nd5 Bxd5 13. exd5 Be5 14. Nxe5
dxe5 15. f4 O-O-O 16. c4 Qc5+ 17. Be3 Qxc4 18. fxe5 Rxd5 19. Bxa7 Re8 20. Qxh7
Rdxe5 21. Bf2 Rxe1+ 22. Bxe1 Qd4+ 23. Bf2 Qxb2 24. Rf1 Qxa2 25. Qxf7 Qxf7 0-1

[Event "AUTO-ADV-695"]
[Site "http://www.queenalice.com/game.php?id=295940"]
[Date "2007.10.31"]
[Round "1"]
[White "Ftrupel"]
[Black "emiliano"]
[Result "1-0"]
[WhiteElo "1956"]
[BlackElo "1781"]

1. e4 e5 2. Nf3 Nc6 3. Bc4 Bc5 4. d3 Nf6 5. Bg5 h6 6. Bh4 O-O 7. Nc3 d6 8. O-O
Na5 9. Nd5 g5 10. Nxg5 hxg5 11. Bxg5 Kg7 12. Bxf6+ Qxf6 13. Nxf6 Kxf6 14. Bb3
Nxb3 15. axb3 Rg8 16. Kh1 Bg4 17. Qd2 Rh8 18. f4 1-0

[Event "AUTO-ADV-695"]
[Site "http://www.queenalice.com/game.php?id=295953"]
[Date "2007.10.31"]
[Round "1"]
[White "benilux"]
[Black "Ftrupel"]
[Result "0-1"]
[WhiteElo "1660"]
[BlackElo "1976"]

1. d4 c5 2. d5 d6 3. e4 e5 4. Bc4 f5 5. Nc3 f4 6. g3 fxg3 7. hxg3 Nf6 8. f4 Bg4
9. Nf3 Nbd7 10. Qd3 Bxf3 11. Qxf3 Be7 12. fxe5 Nxe5 13. Qe2 Qa5 14. Bf4 Nfd7 15.
O-O-O Qb4 16. Bb5 O-O-O 17. Bxd7+ Nxd7 18. e5 Nb6 19. e6 Nc4 20. Rd3 Qxb2+ 21.
Kd1 Qa1+ 22. Bc1 Bg5 23. Ke1 Qxc1+ 24. Qd1 Qxd1+ 25. Kxd1 Nb2+ 26. Ke2 Nxd3 27.
Kxd3 h6 28. Re1 a6 29. e7 Rde8 30. Ne4 Kd7 31. Nxg5 hxg5 0-1

[Event "AUTO-ADV-695"]
[Site "http://www.queenalice.com/game.php?id=295954"]
[Date "2007.10.31"]
[Round "1"]
[White "Ftrupel"]
[Black "benilux"]
[Result "1-0"]
[WhiteElo "1973"]
[BlackElo "1644"]

1. e4 e5 2. Nf3 Nc6 3. Bc4 Nf6 4. d3 d5 5. exd5 Nxd5 6. O-O Be6 7. Re1 Bb4 8. c3
Bc5 9. a4 O-O 10. b4 Nxc3 11. Nxc3 Bxb4 12. Bd2 Bxc4 13. dxc4 Bxc3 14. Bxc3 Qe7
15. Nxe5 Nxe5 16. Bxe5 Qc5 17. Qd4 Qa5 18. Bxg7 Rfe8 19. Qc3 Qxc3 20. Bxc3 f5
21. Rad1 Re4 22. Rxe4 fxe4 23. Rd7 Rc8 24. Rg7+ Kf8 25. Rxh7 Re8 26. Rh8+ Kf7
27. Rxe8 Kxe8 28. Kf1 Kd7 29. Ke2 Kd6 30. Bd4 c5 31. Bc3 Ke6 32. g4 1-0

[Event "AUTO-ADV-695"]
[Site "http://www.queenalice.com/game.php?id=295961"]
[Date "2007.10.31"]
[Round "1"]
[White "pomar"]
[Black "Ftrupel"]
[Result "1-0"]
[WhiteElo "2009"]
[BlackElo "1970"]

1. e4 e5 2. f4 Bc5 3. Nf3 d6 4. c3 f5 5. Qc2 Qf6 6. fxe5 dxe5 7. Bd3 Ne7 8. b4
Bb6 9. c4 c5 10. b5 O-O 11. Bb2 Bc7 12. Nc3 Nd7 13. exf5 Nxf5 14. Nd5 Qg6 15.
Nh4 e4 16. Nxg6 exd3 17. Qxd3 Re8+ 18. Kd1 hxg6 19. Nxc7 1-0

[Event "AUTO-ADV-695"]
[Site "http://www.queenalice.com/game.php?id=295962"]
[Date "2007.10.31"]
[Round "1"]
[White "Ftrupel"]
[Black "pomar"]
[Result "1-0"]
[WhiteElo "1979"]
[BlackElo "2036"]

1. e4 e6 2. d4 d5 3. exd5 exd5 4. Bd3 Bd6 5. Ne2 c6 6. c3 Bg4 7. O-O Nf6 8. Bg5
Nbd7 9. Qc2 h6 10. Bh4 Qc7 11. h3 Be6 12. f4 Nb6 13. Bf5 Nc4 14. Rf3 O-O-O 15.
b3 Na3 16. Nxa3 Bxa3 17. b4 a5 18. Bxe6+ fxe6 19. Qb3 axb4 20. cxb4 Bxb4 21.
Qxb4 Rdf8 22. Bxf6 gxf6 23. Rg3 Rhg8 24. Rf1 e5 25. fxe5 Re8 26. Rxf6 Rxg3 27.
Nxg3 Qg7 28. Qc3 Rg8 29. Qf3 Kb8 30. Nf5 Qg5 31. Nxh6 Qc1+ 32. Kh2 Rh8 33. Rf8+
Rxf8 34. Qxf8+ Kc7 35. Qd6+ Kb6 36. e6 Qxh6 37. Qc5+ Kc7 38. Qe7+ Kb6 39. Qf7 c5
40. dxc5+ Kxc5 41. e7 d4 42. Qf8 Qd6+ 43. g3 d3 44. e8=Q Qxf8 45. Qxf8+ Kc4 46.
Qf7+ Kc3 47. Qxb7 d2 48. h4 d1=Q 49. Qb3+ 1-0

[Event "AUTO-ADV-741"]
[Site "http://www.queenalice.com/game.php?id=320169"]
[Date "2007.12.14"]
[Round "1"]
[White "mad_knight"]
[Black "Ftrupel"]
[Result "0-1"]
[WhiteElo "1823"]
[BlackElo "1987"]

1. e4 e5 2. Nf3 Nc6 3. Bb5 d6 4. d4 exd4 5. Qxd4 Bd7 6. Bxc6 Bxc6 7. Nc3 Nf6 8.
Bg5 Be7 9. O-O-O O-O 10. Rhe1 Re8 11. Kb1 Qd7 12. Nd5 h6 13. Nxf6+ Bxf6 14. Bxf6
gxf6 15. Qxf6 Bxe4 16. Qxh6 Qf5 17. Rc1 Bxf3 18. gxf3 Rxe1 19. Rxe1 Qg6 20.
Qxg6+ fxg6 21. Re7 Rc8 22. Kc1 Kf8 23. Re1 Kf7 24. Kd2 Rh8 25. Rh1 Kf6 26. Ke3
Kf5 27. f4 Re8+ 28. Kf3 Re4 29. Kg3 Rxf4 30. Re1 Rg4+ 31. Kf3 Rc4 32. Re2 Kf6
33. c3 Rc5 34. Re4 Rb5 35. b3 Rd5 36. Rd4 Rh5 37. Kg3 Re5 38. Rf4+ Kg7 39. Rd4
Re2 40. Ra4 a6 41. Kf3 Rc2 42. Rc4 c5 43. b4 b5 44. Re4 Rxc3+ 45. Re3 Rxe3+ 46.
Kxe3 c4 47. Kd4 Kf6 48. a3 Kf5 0-1

[Event "AUTO-ADV-741"]
[Site "http://www.queenalice.com/game.php?id=320170"]
[Date "2007.12.14"]
[Round "1"]
[White "Ftrupel"]
[Black "mad_knight"]
[Result "1-0"]
[WhiteElo "1956"]
[BlackElo "1911"]

1. e4 e6 2. d4 d5 3. exd5 exd5 4. Bd3 Nc6 5. c3 Bd6 6. Ne2 Qh4 7. Ng3 Bg4 8. Be2
Nf6 9. O-O O-O-O 10. Nd2 Rde8 11. Nf3 Bxf3 12. Bxf3 h5 13. h3 Bxg3 14. fxg3 Qxg3
15. Qb3 Re1 16. Bd2 Rxa1 17. Rxa1 Qd6 18. Re1 Re8 19. Rxe8+ 1-0

[Event "AUTO-ADV-741"]
[Site "http://www.queenalice.com/game.php?id=320181"]
[Date "2007.12.14"]
[Round "1"]
[White "Rgbug"]
[Black "Ftrupel"]
[Result "1-0"]
[WhiteElo "1931"]
[BlackElo "1997"]

1. e4 e5 2. Nf3 Nc6 3. Bb5 d6 4. d3 Ne7 5. Nc3 Bd7 6. Bc4 Ng6 7. Ng5 Be6 8. Nxe6
fxe6 9. Bxe6 Qf6 10. Nd5 Qd8 11. Qf3 Nf4 12. Bxf4 Nd4 13. Qh5+ g6 14. Qg4 Nxc2+
15. Kd1 Nxa1 16. Bg5 Qb8 17. Nf6+ 1-0

[Event "AUTO-ADV-741"]
[Site "http://www.queenalice.com/game.php?id=320182"]
[Date "2007.12.14"]
[Round "1"]
[White "Ftrupel"]
[Black "Rgbug"]
[Result "1-0"]
[WhiteElo "1970"]
[BlackElo "1990"]

1. e4 e6 2. d4 d5 3. exd5 exd5 4. Nf3 Bg4 5. Bd3 Qe7+ 6. Be3 Qb4+ 7. Nbd2 Bd6 8.
O-O Nf6 9. Nb3 O-O 10. c3 Qa4 11. h3 Be6 12. Qc2 h6 13. Bf5 Qd7 14. Bxe6 fxe6
15. Nfd2 b6 16. f4 Nh5 17. Qg6 Qf7 18. Qg4 Nd7 19. Nf3 Nxf4 20. Ne5 Bxe5 21.
dxe5 Nxe5 22. Qxf4 Qxf4 23. Rxf4 Nd3 24. Rxf8+ Rxf8 25. Rf1 Rxf1+ 26. Kxf1 Nxb2
27. Nd4 Na4 28. Nxe6 Nxc3 29. Nxc7 Nxa2 30. Nxd5 Kf7 31. Bd2 Ke6 32. Nc7+ Kd7
33. Nd5 b5 34. Ke2 a6 35. Ne3 h5 36. Nf5 g6 37. Nh4 Kc6 38. Nxg6 Kc5 39. Kd1 Kd4
40. Kc2 b4 41. Nf4 a5 42. Nxh5 a4 43. Nf4 Nc3 44. Bxc3+ bxc3 45. Ne2+ Kc4 46.
Nxc3 a3 47. g4 Kc5 48. Kb3 1-0

[Event "AUTO-ADV-741"]
[Site "http://www.queenalice.com/game.php?id=320189"]
[Date "2007.12.14"]
[Round "1"]
[White "Ftrupel"]
[Black "Pascoal"]
[Result "1-0"]
[WhiteElo "1996"]
[BlackElo "1722"]

1. e4 e5 2. Nf3 Nc6 3. Bc4 Bc5 4. d3 Nf6 5. Nc3 O-O 6. O-O d6 7. h3 Na5 8. Bb3
Nxb3 9. axb3 Bd7 10. Bg5 h6 11. Bh4 a6 12. Nd5 g5 13. Nxg5 Nxd5 14. Ne6 Qxh4 15.
Nxf8 Bxh3 16. exd5 Qg3 17. Qf3 Qxf3 18. gxf3 Bxf1 19. Nd7 Be2 20. Nxc5 dxc5 21.
Kg2 Kh7 22. Re1 Rg8+ 23. Kh3 Bxf3 24. Rxe5 f6 25. Re7+ 1-0

[Event "AUTO-ADV-695"]
[Site "http://www.queenalice.com/game.php?id=359271"]
[Date "2008.2.23"]
[Round "2"]
[White "ubersoldat1952"]
[Black "Ftrupel"]
[Result "1-0"]
[WhiteElo "2164"]
[BlackElo "2020"]

1. c4 c5 2. g3 d6 3. Bg2 e5 4. Nc3 f5 5. d3 Nf6 6. a3 Be7 7. Nf3 Nc6 8. O-O O-O
9. Rb1 b6 10. Nxe5 dxe5 11. Bxc6 Bd7 12. Bxa8 Qxa8 13. e4 f4 14. gxf4 exf4 15.
Bxf4 Nxe4 16. dxe4 Rxf4 17. Qxd7 Qf8 18. Qe6+ Kh8 19. Nd5 1-0

[Event "AUTO-ADV-695"]
[Site "http://www.queenalice.com/game.php?id=359272"]
[Date "2008.2.23"]
[Round "2"]
[White "Ftrupel"]
[Black "ubersoldat1952"]
[Result "0-1"]
[WhiteElo "2024"]
[BlackElo "2202"]

1. e4 c5 2. Nf3 e6 3. c3 d5 4. e5 Nc6 5. d4 Qb6 6. Be2 cxd4 7. cxd4 Nge7 8. Na3
Nf5 9. Nc2 Bd7 10. O-O Be7 11. Be3 O-O 12. b3 Nxe3 13. fxe3 h6 14. h3 Rac8 15.
Nh2 a5 16. Bh5 Nb4 17. Nxb4 Qxb4 18. Ng4 Bb5 19. Rf3 Bg5 20. Rg3 Kh7 21. Nh2 Qc3
22. Be2 Bxe2 23. Qxe2 Qxa1+ 24. Nf1 f6 25. Qh5 Rc1 26. Rf3 Rxf1+ 0-1

[Event "AUTO-ADV-695"]
[Site "http://www.queenalice.com/game.php?id=359277"]
[Date "2008.2.23"]
[Round "2"]
[White "Ftrupel"]
[Black "pomar"]
[Result "1/2-1/2"]
[WhiteElo "2020"]
[BlackElo "2022"]

1. e4 e6 2. d4 d5 3. exd5 exd5 4. Bd3 c6 5. Ne2 Bd6 6. O-O Ne7 7. Bf4 Bg4 8.
Bxd6 Qxd6 9. f3 Bh5 10. Ng3 Bg6 11. c3 Nd7 12. Na3 Nf6 13. Nc2 O-O 14. Ne3 Nh5
15. Nef5 Nxf5 16. Nxf5 Qf6 17. Ng3 Nxg3 18. hxg3 h5 19. Bxg6 Qxg6 20. Kf2 f5 21.
Qd3 Rfe8 22. Rae1 Qf7 23. Re5 Rxe5 24. dxe5 f4 25. gxf4 Qxf4 26. Re1 Re8 27. g3
Qg5 28. f4 Qg4 29. Qf3 Qxf3+ 30. Kxf3 g6 31. g4 Kf7 32. Rh1 Rh8 33. gxh5 gxh5
34. f5 a5 35. Kf4 b5 36. Rg1 h4 37. Rh1 h3 38. Rh2 c5 39. Kg3 Re8 40. Kf4 Rh8
41. Kg4 d4 42. cxd4 cxd4 43. Kf3 d3 44. Ke3 Rd8 45. Kd2 Rd5 46. Rxh3 1/2-1/2

[Event "AUTO-ADV-695"]
[Site "http://www.queenalice.com/game.php?id=359278"]
[Date "2008.2.23"]
[Round "2"]
[White "pomar"]
[Black "Ftrupel"]
[Result "0-1"]
[WhiteElo "2069"]
[BlackElo "2001"]

1. f3 e5 2. Kf2 d5 3. e3 c5 4. g3 f5 5. c4 d4 6. d3 Nc6 7. e4 fxe4 8. fxe4 Nf6
9. Bh3 Be7 10. Kg2 O-O 11. Bxc8 Rxc8 12. Nf3 Ng4 13. h3 Ne3+ 14. Bxe3 dxe3 15.
Nc3 Nd4 16. Re1 Rxf3 0-1

[Event "AUTO-ADV-695"]
[Site "http://www.queenalice.com/game.php?id=359279"]
[Date "2008.2.23"]
[Round "2"]
[White "Ftrupel"]
[Black "anax"]
[Result "1-0"]
[WhiteElo "2024"]
[BlackElo "1738"]

1. e4 e6 2. d4 d5 3. exd5 exd5 4. Bd3 c6 5. Ne2 Bd6 6. Bf4 Bxf4 7. Nxf4 Ne7 8.
O-O O-O 9. c3 Nd7 10. Qc2 g6 11. Nd2 Re8 12. Rfe1 Qc7 13. Ne2 a6 14. Ng3 Nf6 15.
Nf3 Ng4 16. h3 Nf6 17. Re2 Be6 18. Rae1 c5 19. dxc5 Bd7 20. Rxe7 Rxe7 21. Rxe7
Re8 22. Qe2 Qxc5 23. Rxe8+ Bxe8 24. Qe5 Qc6 25. Nd4 Qb6 26. Kh2 Kg7 27. f4 Qxb2
28. f5 Qxa2 29. fxg6 hxg6 30. Ndf5+ gxf5 31. Nxf5+ Kg6 32. Nd6+ Kg7 33. Nxe8+
Kf8 34. Nxf6 b5 35. Nxd5 Kg8 36. Nf4 Qd2 37. Qg5+ Kf8 38. Ng6+ 1-0

[Event "AUTO-ADV-695"]
[Site "http://www.queenalice.com/game.php?id=359280"]
[Date "2008.2.23"]
[Round "2"]
[White "anax"]
[Black "Ftrupel"]
[Result "0-1"]
[WhiteElo "1717"]
[BlackElo "2020"]

1. d4 c5 2. c3 e6 3. e3 d5 4. Nf3 f5 5. Ne5 Nf6 6. h3 Nc6 7. Nxc6 bxc6 8. a3 c4
9. b3 cxb3 10. Qxb3 Bd7 11. Nd2 c5 12. Be2 c4 13. Qc2 Bd6 14. O-O O-O 15. f3 Nh5
16. g4 Ng3 17. Re1 Qh4 18. Bf1 Nxf1 19. Kxf1 Qxh3+ 20. Ke2 fxg4 21. f4 g3 22.
Kd1 g2 23. Nb1 e5 24. dxe5 Bg4+ 0-1